Ấn Độ mãi mãi huy hoàng

Sách giới thiệu đất nước và con người, sự hài hòa giữa cái mới và cái cũ; tôn giáo, lễ hội, âm nhạc, múa,...

Đã lưu trong:
書目詳細資料
格式: 圖書
語言:Undetermined
出版: Hà Nội Thế giới 2011
主題:
標簽: 添加標簽
沒有標簽, 成為第一個標記此記錄!
Thư viện lưu trữ: Trung tâm Học liệu Trường Đại học Cần Thơ
LEADER 00724nam a2200193Ia 4500
001 CTU_186418
008 210402s9999 xx 000 0 und d
082 |a 915.4 
082 |b Â121 
245 0 |a Ấn Độ mãi mãi huy hoàng 
245 0 |c Editor Maneesha Dube 
260 |a Hà Nội 
260 |b Thế giới 
260 |c 2011 
520 |a Sách giới thiệu đất nước và con người, sự hài hòa giữa cái mới và cái cũ; tôn giáo, lễ hội, âm nhạc, múa,... 
650 |a India,Ấn Độ 
650 |x Description and travel,Mô tả và du hành 
910 |a Hải 
980 |a Trung tâm Học liệu Trường Đại học Cần Thơ